[Event "Sao Luis Franklin Memorial 29th"]
[Site "Sao Luis"]
[Date "2022.01.15"]
[Round "2"]
[White "Furtado Jr, Antonio Jose"]
[Black "Batista, Francisco de Araujo"]
[Result "1/2-1/2"]
[WhiteElo "1229"]
[BlackElo "1971"]
[PlyCount "41"]
[EventDate "2022.01.14"]
[EventType "swiss"]
[EventRounds "5"]
[EventCountry "BRA"]
[SourceTitle "CBM 206 Extra"]
[Source "ChessBase"]
[SourceDate "2022.03.31"]
[SourceVersion "1"]
[SourceVersionDate "2022.03.31"]
[SourceQuality "1"]

1. Nf3 e6 2. e4 d5 3. e5 c5 4. d4 Nc6 5. c3 Qb6 6. Qb3 Qxb3 7. axb3 cxd4 8. cxd4 Nge7 9. Bb5 a6 10. 0-0 Bd7 11. Nc3 Nf5 12. Be3 Be7 13. Bd3 Nxe3 14. fxe3 0-0 15. Rac1 Nb4 16. Bb1 Rac8 17. Na4 Bb5 18. Nb6 Rxc1 19. Rxc1 Bd8 20. Na4 Bxa4 21. bxa4 1/2-1/2

[Event "Sao Luis Franklin Memorial 29th"]
[Site "Sao Luis"]
[Date "2022.01.15"]
[Round "3"]
[White "Sales, Luis Carlos"]
[Black "Furtado Jr, Antonio Jose"]
[Result "1-0"]
[WhiteElo "1759"]
[BlackElo "1229"]
[PlyCount "85"]
[EventDate "2022.01.14"]
[EventType "swiss"]
[EventRounds "5"]
[EventCountry "BRA"]
[SourceTitle "CBM 206 Extra"]
[Source "ChessBase"]
[SourceDate "2022.03.31"]
[SourceVersion "1"]
[SourceVersionDate "2022.03.31"]
[SourceQuality "1"]

1. d4 d5 2. Nf3 Nf6 3. Bg5 e6 4. Nbd2 Be7 5. e3 0-0 6. c4 c6 7. c5 Nbd7 8. Bd3 Nh5 9. h4 g6 10. Bh6 Ng7 11. g4 Nf6 12. Ne5 Nd7 13. Ndf3 Nxe5 14. Nxe5 Bxh4 15. Qf3 f6 16. Nxg6 hxg6 17. Rxh4 f5 18. Qh3 g5 19. Bxg7 gxh4 20. Bxf8 Kxf8 21. gxf5 exf5 22. Bxf5 Qa5+ 23. Ke2 Qb5+ 24. Kf3 Bxf5 25. Qxf5+ Ke7 26. Qg5+ Kf7 27. Rg1 Rf8 28. Qxh4 Qxb2 29. Rg4 Ke8+ 30. Rf4 Rxf4+ 31. Qxf4 a5 32. Qb8+ Kf7 33. Qc7+ Kg6 34. Qxa5 Qc2 35. Qe1 Qxa2 36. Qg1+ Kf6 37. Kf4 Qc2 38. Qg5+ Ke6 39. Qe5+ Kd7 40. Qf5+ Qxf5+ 41. Kxf5 Kd8 42. Ke5 Kd7 43. f4 1-0

[Event "BRA-ch Amateur U2000"]
[Site "Sao Paulo"]
[Date "2017.10.13"]
[Round "4"]
[White "Furtado Jr, Antonio Jose"]
[Black "Martinez, Augusto Gonzalez"]
[Result "0-1"]
[WhiteElo "1225"]
[BlackElo "1808"]
[PlyCount "120"]
[EventDate "2017.10.12"]
[EventType "swiss"]
[EventRounds "7"]
[EventCountry "BRA"]
[SourceTitle "EXT 2019"]
[Source "ChessBase"]
[SourceDate "2018.10.10"]
[SourceVersion "1"]
[SourceVersionDate "2018.10.10"]
[SourceQuality "1"]

1. Nf3 Nf6 2. d4 g6 3. Bf4 Bg7 4. h3 0-0 5. Nbd2 d6 6. e4 Na6 7. Be2 c5 8. c3 cxd4 9. cxd4 Bd7 10. 0-0 Nc7 11. Rc1 Ne6 12. Be3 Nh5 13. Qb3 Nef4 14. Rfe1 b5 15. Bf1 a5 16. g4 e5 17. gxh5 Nxh3+ 18. Bxh3 Bxh3 19. Kh2 Be6 20. d5 Bc8 21. Rg1 Qd7 22. Rg3 f5 23. Ng1 f4 24. Rg2 fxe3 25. Qxe3 Rf4 26. Rg3 g5 27. Rxg5 Qf7 28. Kg2 h6 29. Rg6 Bg4 30. f3 Bxh5 31. Rg3 Rf8 32. Qb6 Qf6 33. Rc7 Bf7 34. Qxb5 h5 35. Qd7 Qh6 36. Nc4 Rf6 37. Rc8 Rxc8 38. Qxc8+ Kh7 39. Qd7 h4 40. Rg4 Bh5 41. Rxh4 Rg6+ 42. Kf2 Qg5 43. Rxh5+ Qxh5 44. Qh3 Qxh3 45. Nxh3 a4 46. Nb6 a3 47. bxa3 Bh6 48. Nc4 Bf8 49. Ng1 Rg7 50. Ne3 Ra7 51. Nf5 Rxa3 52. Nh3 Rxa2+ 53. Kg3 Kg6 54. Nf2 Rd2 55. Ng4 Kg5 56. Nge3 Ra2 57. Nc4 Ra6 58. Nb2 Kf6 59. Kg4 Kf7 60. Ne3 Rb6 0-1